Words that Contain Co Quiz Stats

 Plays Quiz not verified by Sporcle

Challenge
Share
Tweet
Embed
Score 0/20 Timer 10:00
0 Plays Today
definition word % Correct
deep brown color; food in form of paste or solid block made from roasted and ground cacao seedschocolate
88.9%
skip from place to place; move erratically hopscotch
77.8%
action or power of focusing one's attention or mental effort; dealing with one particular thing above all others concentration
66.7%
pleasant because of a personality, qualities, or interests that are similar to one's owncongeniality
55.6%
type of aircraft that derives both lift and propulsion from one or more sets of horizontally revolving overhead rotors; can move horizontally and verticallyhelicopter
55.6%
body of fundamental principles or established precedents according to which a state or other organization is acknowledged to be governed; the U.S. formed this in 1789constitution
44.4%
a person or animal with whom one spends a lot of time or with whom one travels; one of a pair of things intended to complement or match each othercompanion
44.4%
forecast of a person's future, typically including delineation of character and circumstances, based on the relative positions of the stars and planets at time of person's birthhoroscope
44.4%
a person whose job is to keep or inspect finances of a companyaccountant
44.4%
still searching for the definition; term coined in a tweet by President Trump referring to the press; similar to 'coffee'covfefe
44.4%
definition word % Correct
a form of greeting; gladly received; allowed or invited to do a specified thingwelcome
33.3%
make something look more attractive by adding extra items or images to it decorate
33.3%
interrupt or terminate by breaking connectiondisconnect
33.3%
so opposed in character as to be incapable of existing togetherincompatible
22.2%
a place in which someone may live or stay; a convenient arrangement, settlement, or compromise; process of adapting or adjusting to someone or somethingaccommodation
22.2%
familiar with and at ease in many different countries and culturescosmopolitan
22.2%
bring or gather together collect
22.2%
having much or varied color; bright; full of interest, lively, exciting colorful
11.1%
of or concerning the part of the mind of which one is not fully aware but which influences one's actions and fearssubconscious
11.1%
causing or feeling slight pain or physical discomfort; causing or feeling unease or awkwardnessuncomfortable
0%

You're not logged in!

Compare scores with friends on all Sporcle quizzes.
OR
Log In

You Might Also Like...

Show Comments

Extras

Top Quizzes Today


Score Distribution

Your Account Isn't Verified!

In order to create a playlist on Sporcle, you need to verify the email address you used during registration. Go to your Sporcle Settings to finish the process.

Report this User

Report this user for behavior that violates our Community Guidelines.

Details: